<?xml version="1.0" encoding="UTF-8"?><?xml-stylesheet type="text/xsl" href="static/style.xsl"?><OAI-PMH xmlns="http://www.openarchives.org/OAI/2.0/" xmlns:xsi="http://www.w3.org/2001/XMLSchema-instance" xsi:schemaLocation="http://www.openarchives.org/OAI/2.0/ http://www.openarchives.org/OAI/2.0/OAI-PMH.xsd"><responseDate>2026-06-30T21:29:17Z</responseDate><request verb="GetRecord" identifier="oai:repisalud.isciii.es:20.500.12105/12089" metadataPrefix="marc">https://repisalud.isciii.es/rest/oai/request</request><GetRecord><record><header><identifier>oai:repisalud.isciii.es:20.500.12105/12089</identifier><datestamp>2025-06-30T10:37:04Z</datestamp><setSpec>com_20.500.12105_2052</setSpec><setSpec>com_20.500.12105_2051</setSpec><setSpec>com_20.500.12105_15322</setSpec><setSpec>col_20.500.12105_19608</setSpec><setSpec>col_20.500.12105_16963</setSpec></header><metadata><record xmlns="http://www.loc.gov/MARC21/slim" xmlns:dcterms="http://purl.org/dc/terms/" xmlns:doc="http://www.lyncode.com/xoai" xmlns:xsi="http://www.w3.org/2001/XMLSchema-instance" xsi:schemaLocation="http://www.loc.gov/MARC21/slim http://www.loc.gov/standards/marcxml/schema/MARC21slim.xsd">
   <leader>00925njm 22002777a 4500</leader>
   <datafield ind2=" " ind1=" " tag="042">
      <subfield code="a">dc</subfield>
   </datafield>
   <datafield ind2=" " ind1=" " tag="720">
      <subfield code="a">Padron-Monedero, Alicia</subfield>
      <subfield code="e">author</subfield>
   </datafield>
   <datafield ind2=" " ind1=" " tag="720">
      <subfield code="a">Galan, Iñaki</subfield>
      <subfield code="e">author</subfield>
   </datafield>
   <datafield ind2=" " ind1=" " tag="720">
      <subfield code="a">Rodríguez-Artalejo, Fernando</subfield>
      <subfield code="e">author</subfield>
   </datafield>
   <datafield ind2=" " ind1=" " tag="260">
      <subfield code="c">2014-07</subfield>
   </datafield>
   <datafield ind2=" " ind1=" " tag="520">
      <subfield code="a">To examine the association between duration and place of second-hand smoke (SHS) exposure and psychological distress in adolescents.&#xd;
A cross-sectional study conducted in 2008 and 2009 in a representative sample of 4th-year students of secondary education (mean age 15.7 years) in the region of Madrid, Spain. The 2215 students who were not smokers were selected for the analysis. Duration of SHS exposure within and outside the home was obtained by self-report. Psychological distress was defined as a score ≥ 3 points in the General Health Questionnaire (GHQ-12). The analyses were made using logistic regression adjusted for demographic variables, lifestyles and family characteristics.&#xd;
Among non-smoking adolescents, 27.8% (95% CI 25.5 to 30.0) were exposed to SHS in the home, and 33.6% (95% CI 31.3 to 36.0) outside the home. Compared with those with no SHS exposure in the home, the multivariate OR for psychological distress was 1.23 (95% CI 0.92 to 1.64) in individuals with SHS exposure &lt;1 h/day, 2.07 (95% CI 1.30 to 3.28) for exposure 1-3 h/day, and 2.24 (95% CI 1.45 to 3.47) for exposure >3 h/day (p for linear trend &lt;0.001). No association was observed between SHS exposure outside the home and psychological distress.&#xd;
In non-smoking adolescents, duration of exposure to SHS in the home had a positive dose-response relationship with the frequency of psychological distress. However SHS exposure outside the home did not show an association with mental health.</subfield>
   </datafield>
   <datafield ind1="8" ind2=" " tag="024">
      <subfield code="a">Tob Control  . 2014 Jul;23(4):302-7.</subfield>
   </datafield>
   <datafield ind1="8" ind2=" " tag="024">
      <subfield code="a">10.1136/tobaccocontrol-2012-050548</subfield>
   </datafield>
   <datafield ind1="8" ind2=" " tag="024">
      <subfield code="a">1468-3318</subfield>
   </datafield>
   <datafield ind1="8" ind2=" " tag="024">
      <subfield code="a">Tobacco control</subfield>
   </datafield>
   <datafield ind1="8" ind2=" " tag="024">
      <subfield code="a">23002180</subfield>
   </datafield>
   <datafield ind1="8" ind2=" " tag="024">
      <subfield code="a">http://hdl.handle.net/20.500.12105/12089</subfield>
   </datafield>
   <datafield tag="653" ind2=" " ind1=" ">
      <subfield code="a">Nicotine</subfield>
   </datafield>
   <datafield tag="653" ind2=" " ind1=" ">
      <subfield code="a">Priority/special populations</subfield>
   </datafield>
   <datafield tag="653" ind2=" " ind1=" ">
      <subfield code="a">Secondhand smoke</subfield>
   </datafield>
   <datafield ind2="0" ind1="0" tag="245">
      <subfield code="a">Second-hand smoke exposure and psychological distress in adolescents. A population-based study</subfield>
   </datafield>
</record></metadata></record></GetRecord></OAI-PMH>